[Event "GER-chT U10"]
[Site "Magdeburg"]
[Date "2016.12.29"]
[Round "6.3"]
[White "Liang, Jiaxuan"]
[Black "Kroemer, Jakob"]
[Result "1-0"]
[WhiteElo "984"]
[BlackElo "600"]
[PlyCount "131"]
[EventDate "2016.12.27"]
[EventType "team-swiss"]
[EventRounds "7"]
[EventCountry "GER"]
[SourceTitle "EXT 2018"]
[Source "ChessBase"]
[SourceDate "2017.10.13"]
[SourceVersion "1"]
[SourceVersionDate "2017.10.13"]
[SourceQuality "1"]
[WhiteTeam "Hohentuebingen"]
[BlackTeam "Schwerin"]
[WhiteTeamCountry "GER"]
[BlackTeamCountry "GER"]

1. e4 e5 2. Nf3 Nc6 3. Bb5 Nf6 4. d3 Bc5 5. c3 d5 6. 0-0 d4 7. Bxc6+ bxc6 8. Nxe5 Bb7 9. Re1 0-0 10. Nc4 h6 11. Na5 Rb8 12. Nxb7 Rxb7 13. b3 Qd6 14. b4 Bb6 15. b5 cxb5 16. Ba3 Bc5 17. Bxc5 Qxc5 18. cxd4 Qxd4 19. Na3 b4 20. Nc2 Qe5 21. Qf3 a5 22. d4 Qh5 23. Re3 Qxf3 24. Rxf3 Nxe4 25. a3 Nd2 26. Rd3 Nb3 27. Rxb3 Rfb8 28. h3 bxa3 29. Rxb7 Rxb7 30. Nxa3 g5 31. g4 Kg7 32. Nc4 Rb4 33. Nxa5 Rxd4 34. Nc6 Rd6 35. Ne5 f6 36. Nf3 Kg6 37. Kg2 c5 38. Rc1 Rc6 39. Nd2 f5 40. Kf3 Kf6 41. Ke3 f4+ 42. Ke4 Ke6 43. Nf3 Kd6 44. Kf5 c4 45. Nd4 Rc5+ 46. Kg6 Kd5 47. Ne2 f3 48. Nc3+ Kd4 49. Kxh6 Rb5 50. Nxb5+ Kd3 51. Kxg5 Ke2 52. h4 Kxf2 53. h5 Ke2 54. h6 f2 55. h7 f1Q 56. Rxf1 Kxf1 57. h8Q Ke2 58. Qc3 Kd1 59. Qb2 c3 60. Qxc3 Ke2 61. Kf4 Kd1 62. Qb2 Ke1 63. Ke3 Kf1 64. Qd2 Kg1 65. Kf3 Kf1 66. Qf2# 1-0

[Event "GER-chT U10"]
[Site "Magdeburg"]
[Date "2016.12.27"]
[Round "2.3"]
[White "Kroemer, Jakob"]
[Black "Gan, Lukas Wentao"]
[Result "0-1"]
[WhiteElo "600"]
[BlackElo "960"]
[PlyCount "38"]
[EventDate "2016.12.27"]
[EventType "team-swiss"]
[EventRounds "7"]
[EventCountry "GER"]
[SourceTitle "EXT 2018"]
[Source "ChessBase"]
[SourceDate "2017.10.13"]
[SourceVersion "1"]
[SourceVersionDate "2017.10.13"]
[SourceQuality "1"]
[WhiteTeam "Schwerin"]
[BlackTeam "Walldorf"]
[WhiteTeamCountry "GER"]
[BlackTeamCountry "GER"]

1. e4 e5 2. Nf3 Nc6 3. Bc4 Bc5 4. Nc3 Nf6 5. Ng5 0-0 6. 0-0 d6 7. d3 Be6 8. Bxe6 Qe7 9. Bd5 h6 10. Bxc6 bxc6 11. Nf3 d5 12. h3 Rad8 13. Qe2 Rfe8 14. a3 Qd6 15. b4 Bb6 16. Be3 d4 17. Na4 dxe3 18. fxe3 c5 19. Nxb6 Qxb6 0-1